Á lódáil...

Familiar Quotations

Sonraí Bibleagrafaíochta
Príomhúdar: John Bartlett
Formáid: Printed Book
Foilsithe: Little Brown and Company, Boston 1980
LEADER 00324nam a2200109 4500
082
100 |a John Bartlett 
245 |a Familiar Quotations  |c John Bartlett 
260 |a Little Brown and Company, Boston  |c 1980 
942 |c BK 
999 |c 196415  |d 196415 
952 |0 0  |1 0  |4 0  |7 0  |9 209764  |a DCI  |b DCI  |d 2019-10-29  |l 0  |p DCI2983  |r 2019-10-29  |w 2019-10-29  |y BK